[Event "SVK Amateur-ch 2020"]
[Site "Topolcany"]
[Date "2020.07.10"]
[Round "1.1"]
[White "Hros, Roman"]
[Black "Bakalar, Jan"]
[Result "1-0"]
[WhiteElo "2199"]
[BlackElo "1896"]
[Annotator "TA"]
[PlyCount "71"]
[EventDate "2020.07.10"]
[EventType "swiss"]
[EventCountry "SVK"]
[SourceTitle "playchess.com"]
[Source "ChessBase"]
[SourceQuality "1"]

{[%evp 9,71,-17,8,5,2,-10,-4,-17,-5,-10,20,0,31,35,61,40,52,57,52,35,85,85,80,83,86,65,72,44,53,47,225,213,400,356,745,758,750,742,764,761,783,481,460,289,556,489,412,198,457,462,460,473,459,441,700,643,691,691,681,686,804,791,1030,1039]} 1. e4 c5 2. Be2 Nc6 3. d3 g6 4. f4 Bg7 5. c3 e6 6. Nf3 {B31: Sicilian: 2...Nc6 3 Bb5 g6.} Nge7 7. O-O O-O 8. Qe1 {The position is equal.} d6 9. Na3 {[#]} Bd7 $146 ({Predecessor:} 9... Rb8 10. Rb1 b5 11. b4 cxb4 12. cxb4 e5 13. Nc2 Be6 14. a3 exf4 15. Bxf4 Ne5 {½-½ (55) Venkatesh,M (2481)-Liu,Y (2524) Qingdao 2019}) 10. Nc4 Nc8 11. a4 f5 12. Qg3 Na5 13. Nxa5 Qxa5 14. h4 c4 15. exf5 cxd3 16. Bxd3 gxf5 17. Re1 Kh8 18. h5 Bf6 19. Ng5 e5 $2 {[#]} (19... Nb6 $14) 20. fxe5 $1 $18 dxe5 $2 {[#]} (20... Qc5+ {might work better.} 21. Be3 Qxe5) 21. Nxh7 $1 {[%mdl 512]} Rg8 $2 {[#]} (21... f4 22. Qf2 (22. Nxf8 fxg3 23. Nxd7 Qd8 $17) 22... Nd6) (21... Kxh7 22. Qg6+) 22. Qxg8+ $1 {[%mdl 512]} Kxg8 23. Nxf6+ Kh8 24. Nxd7 e4 25. Bc2 Qc7 26. Rd1 Ne7 $2 (26... Nb6 {was necessary.}) 27. Be3 Nc6 {Black hopes to continue with ...Rg8.} 28. Nc5 (28. Bb3 $142) 28... Qg3 $2 (28... Rg8 29. Rd2 Qg3) 29. Bf2 {White is clearly winning.} Qg4 {aiming for ...Rg8.} 30. Rd6 {Threatens to win with Rh6+.} Qxh5 31. Ne6 Qg6 (31... Qe2 $142 32. Rc1 Qg4) 32. Rad1 Rg8 {[%csl Gg8][%cal Rg6g2]} 33. Nf4 Qg5 34. Be3 Ne5 {[#]} 35. Ng6+ $1 {[%mdl 576] Discovered Attack} Rxg6 (35... Nxg6 36. Bxg5) 36. Bxg5 {White took control after the opening. Accuracy: White = 76%, Black = 36%.} 1-0

[Event "SVK Amateur-ch 2020"]
[Site "Topolcany"]
[Date "2020.07.10"]
[Round "1.1"]
[White "Majzlan, Blazej"]
[Black "Lach, Piotr"]
[Result "1/2-1/2"]
[WhiteElo "1656"]
[BlackElo "2086"]
[Annotator "RC"]
[PlyCount "40"]
[EventDate "2020.07.10"]
[EventType "swiss"]
[EventCountry "SVK"]
[SourceTitle "playchess.com"]
[Source "ChessBase"]
[SourceQuality "1"]
[TimeControl "3600+30"]

1. e4 {[%emt 0:00:01]} c5 {[%emt 0:00:00]} 2. Nc3 {[%emt 0:00:04]} a6 {[%emt 0:00:00]} 3. d3 {[%emt 0:00:10]} b5 {[%emt 0:00:57]} 4. a3 {[%emt 0:00:21]} g6 {[%emt 0:00:45]} 5. g3 {[%emt 0:00:07]} Bb7 {[%emt 0:00:27]} 6. Bg2 {[%emt 0:00:01]} Bg7 {[%emt 0:00:39]} 7. Nge2 {[%emt 0:01:10]} Nc6 {[%emt 0:10:18]} 8. O-O {[%emt 0:00:10]} e6 {[%emt 0:10:34]} 9. Nf4 {[%emt 0:03:27]} Nge7 {[%emt 0:02:37]} 10. h4 {[%emt 0:03:47]} Nd4 {[%emt 0:13:59]} 11. Nce2 {[%emt 0:06:02]} e5 {[%emt 0:08:02]} 12. Nh3 {[%emt 0:07:19]} Nxe2+ {[%emt 0:00:34]} 13. Qxe2 {[%emt 0:06:00]} O-O {[%emt 0:01:13]} 14. Bg5 {[%emt 0:00:30]} f6 {[%emt 0:00:30]} 15. Be3 {[%emt 0:00:30]} Rc8 {[%emt 0:00:30]} 16. c3 {[%emt 0:00:30]} d5 {[%emt 0:00:30]} 17. f4 {[%emt 0:00:30]} d4 {[%emt 0:04:08]} 18. cxd4 {[%emt 0:06:09]} exd4 {[%emt 0:01:23]} 19. Bd2 {[%emt 0:01:21]} Qd7 {[%emt 0:01:09]} 20. Rfc1 {[%emt 0:00:30]} f5 {[%emt 0:03:26]} 1/2-1/2

[Event "SVK Amateur-ch 2020"]
[Site "Topolcany"]
[Date "2020.07.10"]
[Round "1.2"]
[White "Lecky, Juraj"]
[Black "Skrinar, Marek"]
[Result "0-1"]
[WhiteElo "2083"]
[BlackElo "1654"]
[Annotator "RC"]
[PlyCount "81"]
[EventDate "2020.07.10"]
[EventType "swiss"]
[EventCountry "SVK"]
[SourceTitle "playchess.com"]
[Source "ChessBase"]
[SourceQuality "1"]
[TimeControl "3600+30"]

1. e4 {[%emt 0:00:00]} d5 {[%emt 0:00:50]} 2. exd5 {[%emt 0:00:00]} Qxd5 {[%emt 0:00:08]} 3. Nc3 {[%emt 0:00:00]} Qa5 {[%emt 0:00:07]} 4. d4 {[%emt 0:00:15]} c6 {[%emt 0:00:39]} 5. Bc4 {[%emt 0:01:12]} Nf6 {[%emt 0:01:54]} 6. Nf3 {[%emt 0:01:09]} Bf5 {[%emt 0:01:37]} 7. O-O {[%emt 0:04:17]} e6 {[%emt 0:01:52]} 8. Ne5 {[%emt 0:00:34]} Be7 {[%emt 0:01:27]} 9. Be3 {[%emt 0:13:12]} O-O {[%emt 0:01:25]} 10. a3 {[%emt 0:00:14]} Nd5 {[%emt 0:08:38]} 11. Nxd5 {[%emt 0:03:36]} cxd5 {[%emt 0:06:17]} 12. Bd3 {[%emt 0:00:19]} Bxd3 {[%emt 0:01:55]} 13. Qxd3 {[%emt 0:00:22]} Qa6 {[%emt 0:03:55]} 14. Qd2 {[%emt 0:00:19]} Rd8 {[%emt 0:04:16]} 15. f4 {[%emt 0:04:40]} Nd7 {[%emt 0:04:36]} 16. Rf3 {[%emt 0:00:07]} Nf6 {[%emt 0:00:24]} 17. Rh3 {[%emt 0:00:29]} Ne4 {[%emt 0:00:37]} 18. Qd1 {[%emt 0:00:36]} g6 {[%emt 0:06:41]} 19. g4 {[%emt 0:12:49]} f5 {[%emt 0:07:51]} 20. g5 {[%emt 0:02:00]} Bd6 {[%emt 0:04:17]} 21. Nd3 {[%emt 0:04:25]} Rac8 {[%emt 0:02:46]} 22. Rf3 {[%emt 0:03:25]} Qc4 {[%emt 0:00:32]} 23. Rc1 {[%emt 0:01:02]} Qc7 {[%emt 0:01:49]} 24. h4 {[%emt 0:00:11]} Qg7 {[%emt 0:01:28]} 25. Rh3 {[%emt 0:04:08]} Kf7 {[%emt 0:00:57]} 26. h5 {[%emt 0:08:34]} Rc7 {[%emt 0:00:45]} 27. c3 {[%emt 0:00:13]} Rdc8 {[%emt 0:02:28]} 28. Rc2 {[%emt 0:00:33]} Rh8 {[%emt 0:00:52]} 29. Rch2 {[%emt 0:00:23]} Rcc8 {[%emt 0:00:29]} 30. Qb3 {[%emt 0:00:55]} b6 {[%emt 0:00:51]} 31. Qa4 {[%emt 0:00:57]} Rc7 {[%emt 0:00:25]} 32. hxg6+ {[%emt 0:00:24]} Qxg6 {[%emt 0:00:15]} 33. Rh6 {[%emt 0:00:27]} Qg8 {[%emt 0:01:41]} 34. Qd1 {[%emt 0:01:58]} Kf8 {[%emt 0:00:53]} 35. Qh5 {[%emt 0:01:13]} Rg7 {[%emt 0:00:39]} 36. Rg2 {[%emt 0:01:12]} Rg6 {[%emt 0:00:20]} 37. Qh4 {[%emt 0:01:25]} Ke8 {[%emt 0:00:41]} 38. Kf1 {[%emt 0:00:17]} Qf7 {[%emt 0:00:51]} 39. Rh2 {[%emt 0:00:34]} Rxh6 {[%emt 0:00:42]} 40. Qxh6 {[%emt 0:00:10]} Bf8 {[%emt 0:00:32]} 41. Qh5 {[%emt 0:01:20]} 0-1

[Event "SVK Amateur-ch 2020"]
[Site "Topolcany"]
[Date "2020.07.10"]
[Round "1.2"]
[White "Ladnak, Marek"]
[Black "Kleman, Miroslav"]
[Result "0-1"]
[WhiteElo "1887"]
[BlackElo "2198"]
[Annotator "TA"]
[PlyCount "84"]
[EventDate "2020.07.10"]
[EventType "swiss"]
[EventCountry "SVK"]
[SourceTitle "playchess.com"]
[Source "ChessBase"]
[SourceQuality "1"]

{[%evp 12,84,9,4,13,12,10,0,26,6,33,28,32,-14,9,0,12,-69,-60,-67,-40,-60,-33,-31,-38,-43,0,-31,-25,-47,-47,-48,-29,-38,-29,-28,0,-25,0,-45,-37,-154,-168,-176,-163,-331,-319,-321,-314,-321,-324,-378,-300,-387,-365,-447,-441,-402,-331,-522,-509,-718,-775,-713,-685,-5110,-1267,-1147,-1142,-29974,-6444,-6387,-6307,-2093,-1540]} 1. e4 e5 2. Nf3 Nc6 3. d4 d6 4. Bc4 Be7 5. Be3 Nf6 6. Nbd2 Ng4 7. c3 {[#]} a6 $146 {C50: Hungarian Defence and Giuoco Pianissimo.} ({Predecessor:} 7... O-O 8. O-O Kh8 9. h3 Nxe3 10. fxe3 f5 11. exf5 Bxf5 12. e4 Bg6 13. d5 Nb8 14. b4 Nd7 15. Kh2 {0-1 (31) Herczku,D (2014)-Szurovszky,E (2137) Harkany 2004}) 8. a4 O-O 9. O-O Kh8 {The position is equal.} 10. b4 Bf6 11. Qb3 Qe7 12. d5 Nb8 13. a5 g6 14. b5 ({White should try} 14. Rae1 $11) 14... axb5 15. Bxb5 h5 16. Ra2 h4 17. h3 Nxe3 18. fxe3 Bg5 19. Nc4 Bh6 20. Qb1 Kg7 21. Qe1 Bg5 22. Raf2 Bd7 23. Qb1 Bc8 24. Qe1 Ra7 25. Nxg5 (25. Be8 $5 {[%cal Rf3g5]} f5 26. Nxg5 Qxg5 27. Bb5 $11) 25... Qxg5 26. Rf6 {White is on the road to losing.} (26. Kh2 $15) 26... Bxh3 $1 $17 {[%csl Gh3][%cal Rg5g2]} 27. Qf2 {[%cal Rf6f7]} Bf5 $1 28. Rxf5 $2 (28. Rxd6 Bxe4 29. Rf6) 28... gxf5 $19 29. exf5 f6 30. e4 Ra8 31. Qb2 Qg4 32. Qb1 Kh8 33. Rf3 {[#]} Rg8 $1 {[%csl Gg8,LRf3,LRg2][%cal Rg4g2]} 34. Qf1 Na6 35. Bxa6 (35. Ne3 $142 Qg5 36. Bxa6 Rxa6 37. Qe1) 35... bxa6 36. Nd2 Rab8 37. Qf2 Rb2 38. Kh2 Rg5 (38... Qg5 $142 39. Rh3 Rxd2 40. Qxh4+ Qxh4 41. Rxh4+ Kg7) 39. Rh3 Kg7 40. Rxh4 {[#]} Rh5 (40... Rxd2 $142 $1 {[%mdl 512]} 41. Rxg4 (41. Qxd2 Qxh4+) 41... Rxf2 42. Kh3 Rxg4 43. Kxg4 Rf4+ {[%mdl 64] Double Attack} 44. Kg3 Rxe4 45. Kf3 Rc4 46. g4 Rxc3+ 47. Ke2 {[#]} Rc5 $1 {[%mdl 512]} 48. Kf3 Rxa5 49. Kf2 Rxd5 50. Kf3 a5 51. g5 a4 52. Ke3 a3 53. gxf6+ Kxf6 54. Kf3 Kxf5 55. Kg3 a2 56. Kf2 a1=Q 57. Kg3 Qc3+ 58. Kh4 Rd4+ 59. Kh5 Qh3#) 41. Rxh5 Qxh5+ 42. Kg1 Qd1+ {[%mdl 64] Double Attack. Accuracy: White = 45%, Black = 66%.} 0-1

[Event "SVK Amateur-ch 2020"]
[Site "Topolcany"]
[Date "2020.07.10"]
[Round "1.3"]
[White "Terbe, Zsuzsanna"]
[Black "Salgovic, Simon"]
[Result "1-0"]
[WhiteElo "2192"]
[BlackElo "1877"]
[Annotator "TA"]
[PlyCount "63"]
[EventDate "2020.07.10"]
[EventType "swiss"]
[EventCountry "SVK"]
[SourceTitle "playchess.com"]
[Source "ChessBase"]
[SourceQuality "1"]

{[%evp 24,63,33,40,33,30,43,43,37,40,42,39,41,23,21,23,63,60,62,63,66,56,58,56,77,50,68,72,78,58,84,53,104,75,165,155,357,349,400,391,375,365]} 1. d4 Nf6 2. Nf3 g6 3. g3 Bg7 4. Bg2 O-O 5. O-O d5 6. c4 c6 7. cxd5 cxd5 8. Nc3 Nc6 9. Ne5 Be6 10. Nxc6 bxc6 11. Na4 Bf5 12. Bf4 Nd7 13. Rc1 Rc8 {D79: Fianchetto Grünfeld: Symmetrical Variation (6 0-0 c6 7 cxd5 cxd5).} 14. Qd2 e5 15. dxe5 Nxe5 {White is slightly better.} 16. b3 Re8 {[#]} 17. h3 $146 ({Predecessor:} 17. Rfe1 h5 18. Nc5 Bf8 19. Bg5 Qd6 20. Bh6 Bxh6 21. Qxh6 Ng4 22. Qd2 h4 23. e4 hxg3 24. hxg3 {½-½ (79) Malenica,M (2167)-Margitic,Z (2170) Sibenik 2007}) 17... h5 18. Rfd1 Qe7 19. Bg5 Bf6 20. Bxf6 Qxf6 21. Nc5 Kg7 22. Qf4 g5 23. Qd4 Ng6 24. e3 (24. e4 {with more complications.} dxe4 25. Nb7 Re5 26. Rc5 Rxc5 27. Qxc5 Kg8 28. Rd4) 24... Re7 25. Qxf6+ Kxf6 26. Nd3 Ree8 27. Rc5 Ne5 (27... h4 $14) 28. Nb4 Ke7 {[#]} (28... g4 $16 {is a better defense.}) 29. e4 $1 {[%mdl 512]} a5 $2 (29... Be6 $16 30. Ra5 (30. exd5 cxd5 31. Nxd5+ Bxd5 $16) 30... g4) (29... dxe4 30. Rxe5+) 30. Rxa5 $18 Rb8 {[#]} 31. Nxd5+ $1 {[%mdl 512]} cxd5 32. exf5 {Accuracy: White = 87%, Black = 47%.} 1-0

[Event "SVK Amateur-ch 2020"]
[Site "Topolcany"]
[Date "2020.07.10"]
[Round "1.3"]
[White "Rakovsky, Jakub"]
[Black "Szitas, Gabor"]
[Result "1/2-1/2"]
[WhiteElo "1644"]
[BlackElo "2082"]
[Annotator "RC"]
[PlyCount "68"]
[EventDate "2020.07.10"]
[EventType "swiss"]
[EventCountry "SVK"]
[SourceTitle "playchess.com"]
[Source "ChessBase"]
[SourceQuality "1"]
[TimeControl "3600+30"]

1. e4 {[%emt 0:00:00]} e5 {[%emt 0:00:18]} 2. Bc4 {[%emt 0:00:40]} Nf6 {[%emt 0:00:30]} 3. d3 {[%emt 0:00:09]} Nc6 {[%emt 0:03:08]} 4. Nf3 {[%emt 0:00:32]} Bc5 {[%emt 0:01:46]} 5. Bg5 {[%emt 0:04:12]} d6 {[%emt 0:01:26]} 6. Nc3 {[%emt 0:00:55]} h6 {[%emt 0:00:08]} 7. Bh4 {[%emt 0:00:16]} g5 {[%emt 0:00:29]} 8. Nxg5 {[%emt 0:06:39]} hxg5 {[%emt 0:09:19]} 9. Bxg5 {[%emt 0:00:16]} Rg8 {[%emt 0:02:53]} 10. h4 {[%emt 0:05:30]} Bg4 {[%emt 0:06:15]} 11. f3 {[%emt 0:08:13]} Be6 {[%emt 0:00:43]} 12. a3 {[%emt 0:07:55]} Nd4 {[%emt 0:10:04]} 13. f4 {[%emt 0:06:02]} Bxc4 {[%emt 0:11:25]} 14. dxc4 {[%emt 0:00:24]} Ne6 {[%emt 0:13:51]} 15. fxe5 {[%emt 0:08:38]} Nxg5 {[%emt 0:00:17]} 16. hxg5 {[%emt 0:00:05]} Nd7 {[%emt 0:00:13]} 17. e6 {[%emt 0:01:18]} Qxg5 {[%emt 0:05:06]} 18. exd7+ {[%emt 0:03:58]} Kxd7 {[%emt 0:00:04]} 19. Qf3 {[%emt 0:01:10]} Rae8 {[%emt 0:00:04]} 20. Nd5 {[%emt 0:01:50]} f5 {[%emt 0:01:13]} 21. Rh5 {[%emt 0:05:24]} Rxe4+ {[%emt 0:00:20]} 22. Kf1 {[%emt 0:01:24]} Qg6 {[%emt 0:00:36]} 23. Qxf5+ {[%emt 0:01:41]} Qxf5+ {[%emt 0:00:39]} 24. Rxf5 {[%emt 0:00:06]} Ke6 {[%emt 0:00:31]} 25. Rf6+ {[%emt 0:01:54]} Ke5 {[%emt 0:00:04]} 26. Rf7 {[%emt 0:01:36]} Kd4 {[%emt 0:01:01]} 27. b3 {[%emt 0:00:27]} c6 {[%emt 0:00:19]} 28. Rd1+ {[%emt 0:00:12]} Ke5 {[%emt 0:00:05]} 29. Re7+ {[%emt 0:00:07]} Kf5 {[%emt 0:00:05]} 30. Rxe4 {[%emt 0:00:02]} cxd5 {[%emt 0:00:18]} 31. Re7 {[%emt 0:00:45]} dxc4 {[%emt 0:01:46]} 32. bxc4 {[%emt 0:00:29]} Rg3 {[%emt 0:00:32]} 33. Rd3 {[%emt 0:00:23]} Rxd3 {[%emt 0:00:00]} 34. g3 {[%emt 0:02:29]} Kg6 {[%emt 0:00:00]} 1/2-1/2

[Event "SVK Amateur-ch 2020"]
[Site "Topolcany"]
[Date "2020.07.10"]
[Round "1.4"]
[White "Deruelle Sala, Albert"]
[Black "Mikula, Martin"]
[Result "1-0"]
[WhiteElo "2078"]
[BlackElo "1641"]
[Annotator "ChessBase"]
[PlyCount "89"]
[EventDate "2020.07.10"]
[EventType "swiss"]
[EventCountry "SVK"]
[SourceTitle "playchess.com"]
[Source "ChessBase"]
[SourceQuality "1"]
[TimeControl "3600+30"]

1. d4 {[%emt 0:00:00]} Nf6 {[%emt 0:00:28]} 2. c4 {[%emt 0:00:00]} g6 {[%emt 0:02:00]} 3. Nc3 {[%emt 0:00:00]} d5 {[%emt 0:00:39]} 4. cxd5 {[%emt 0:01:42]} Nxd5 {[%emt 0:00:12]} 5. g3 {[%emt 0:01:09]} Bg7 {[%emt 0:04:07]} 6. Bg2 {[%emt 0:00:14]} c6 {[%emt 0:03:43]} 7. e3 {[%emt 0:01:23]} O-O {[%emt 0:01:15]} 8. Nge2 {[%emt 0:00:09]} Be6 {[%emt 0:02:07]} 9. O-O {[%emt 0:00:30]} Na6 {[%emt 0:01:15]} 10. Bd2 {[%emt 0:01:03]} Nac7 {[%emt 0:02:40]} 11. Ne4 {[%emt 0:01:18]} Bg4 {[%emt 0:06:39]} 12. h3 {[%emt 0:01:13]} Bd7 {[%emt 0:01:31]} 13. Nc5 {[%emt 0:00:39]} Rb8 {[%emt 0:00:27]} 14. Nxd7 {[%emt 0:02:06]} Qxd7 {[%emt 0:00:12]} 15. Qa4 {[%emt 0:03:19]} Nb5 {[%emt 0:03:37]} 16. Rac1 {[%emt 0:01:28]} Nb6 {[%emt 0:05:20]} 17. Qa5 {[%emt 0:00:52]} Nd6 {[%emt 0:06:35]} 18. b3 {[%emt 0:01:17]} Nbc8 {[%emt 0:03:17]} 19. Rfd1 {[%emt 0:00:48]} Qd8 {[%emt 0:00:53]} 20. Qc3 {[%emt 0:03:33]} Nb6 {[%emt 0:02:07]} 21. a4 {[%emt 0:00:43]} e6 {[%emt 0:01:06]} 22. Qc2 {[%emt 0:01:25]} Re8 {[%emt 0:03:43]} 23. Nf4 {[%emt 0:00:26]} Nf5 {[%emt 0:03:13]} 24. Nd3 {[%emt 0:00:50]} Nd7 {[%emt 0:01:41]} 25. Bc3 {[%emt 0:02:04]} Qg5 {[%emt 0:01:41]} 26. b4 {[%emt 0:02:26]} Nb6 {[%emt 0:03:08]} 27. Nc5 {[%emt 0:05:25]} Red8 {[%emt 0:01:09]} 28. Be1 {[%emt 0:02:08]} Nd7 {[%emt 0:00:46]} 29. b5 {[%emt 0:00:48]} Nxc5 {[%emt 0:00:48]} 30. dxc5 {[%emt 0:00:29]} Rxd1 {[%emt 0:01:05]} 31. Rxd1 {[%emt 0:00:09]} Ne7 {[%emt 0:00:48]} 32. Rd7 {[%emt 0:01:38]} cxb5 {[%emt 0:02:36]} 33. axb5 {[%emt 0:00:11]} Nd5 {[%emt 0:01:59]} 34. e4 {[%emt 0:06:10]} Qe5 {[%emt 0:01:04]} 35. Bd2 {[%emt 0:09:59]} Qa1+ {[%emt 0:00:38]} 36. Bf1 {[%emt 0:02:14]} Nf6 {[%emt 0:00:12]} 37. Rc7 {[%emt 0:03:48]} Ne8 {[%emt 0:00:22]} 38. Rd7 {[%emt 0:00:46]} Nf6 {[%emt 0:00:19]} 39. Bc3 {[%emt 0:01:49]} Qa3 {[%emt 0:00:16]} 40. Bxf6 {[%emt 0:00:44]} Bxf6 {[%emt 0:00:06]} 41. c6 {[%emt 0:00:10]} bxc6 {[%emt 0:00:21]} 42. bxc6 {[%emt 0:00:05]} a6 {[%emt 0:00:48]} 43. c7 {[%emt 0:00:27]} Rc8 {[%emt 0:00:16]} 44. Qc6 {[%emt 0:00:15]} Qa5 {[%emt 0:00:27]} 45. Qb7 {[%emt 0:00:47]} 1-0

[Event "SVK Amateur-ch 2020"]
[Site "Topolcany"]
[Date "2020.07.10"]
[Round "1.4"]
[White "Paluska, Karol"]
[Black "Pokrupa, Marek"]
[Result "0-1"]
[WhiteElo "1873"]
[BlackElo "2186"]
[Annotator "TA"]
[PlyCount "104"]
[EventDate "2020.07.10"]
[EventType "swiss"]
[EventCountry "SVK"]
[SourceTitle "playchess.com"]
[Source "ChessBase"]
[SourceQuality "1"]

{[%evp 9,104,14,19,0,8,5,10,0,5,-1,0,-24,-22,-45,-40,-70,-21,-16,-22,-15,2,-15,13,-46,-14,-22,-4,-14,0,-43,-23,-24,-1,-51,-25,-46,-27,-128,-128,-139,-139,-135,-136,-151,-145,-151,-151,-154,-150,-178,-179,-168,-144,-153,-137,-243,-219,-273,-258,-329,-316,-339,-339,-352,-339,-438,-381,-410,-338,-498,-505,-500,-491,-493,-466,-581,-574,-605,-604,-615,-480,-635,-449,-430,0,-603,-490,-837,-836,-812,-777,-864,-856,-741,-487,-29998,-29999]} 1. d4 Nf6 2. Nf3 g6 3. g3 d5 4. Bg2 Bg7 5. O-O c6 6. Ne5 {D02: 1 d4 d5 2 Nf3 sidelines, including 2...Nf6 3 g3 and 2...Nf6 3 Bf4.} Be6 7. c3 O-O 8. Nd2 {The position is equal.} Nbd7 9. f4 {[#]} Qb6 $146 ({Predecessor:} 9... Bf5 10. e3 h5 11. Qe2 Ne4 12. Nxe4 dxe4 13. Nxd7 Qxd7 14. b3 Bh3 {0-1 (29) Bartel,M (2622)-Malakhov,V (2694) Berlin 2015}) 10. Qb3 Rfd8 11. h3 h5 12. Ndf3 Qxb3 (12... Ne4 {is interesting.} 13. Kh2 Qc7 14. Nxd7 Qxd7 15. Ng5 Nxg5 16. fxg5 Bf5) 13. axb3 Ne4 14. Kh2 a6 15. Nd2 Ndf6 16. e3 (16. Nxe4 $11 Nxe4 17. Bxe4 dxe4 18. Nc4) 16... Rac8 (16... Nd6 {is more complex.} 17. c4 Bh6 18. Re1 Kh7 19. Nef3 Kg7) 17. Bf3 Nxd2 18. Bxd2 Bf5 19. Rac1 Be4 $36 {[%mdl 2048] Black fights for an advantage.} 20. Be2 Nd7 21. c4 Nxe5 22. fxe5 dxc4 23. bxc4 {[#]} (23. Bxc4 $11 {remains equal.} e6 24. Ba5) 23... Bxe5 $1 $17 {[%mdl 576] Pin} 24. Bc3 (24. dxe5 Rxd2) 24... Bc7 25. h4 Rd7 26. b3 Re8 27. Bf3 Bxf3 28. Rxf3 e5 29. Rcf1 exd4 30. exd4 f5 31. Kg2 Re4 32. R1f2 (32. Rd3 $17 {might work better.}) 32... Bb6 $19 33. c5 Bd8 34. b4 Kf7 35. Rd3 Ke6 36. Kf3 Kd5 37. Rfd2 Bf6 38. Rd1 Rde7 39. Kf2 (39. Bd2 $142) 39... Re2+ 40. Kf3 Rc2 41. Bd2 Re4 42. Be3 Rb2 43. Bd2 Bg7 44. Bc3 Rc2 45. Be1 Ree2 46. Bd2 Re4 (46... Re8 $142 47. Ra3 Re4) 47. Be1 $1 Bh6 48. Bc3 (48. Bf2 $142 Ree2 49. Bg1) 48... Ree2 {[%csl Gc2][%cal Re2f2]} 49. Be1 Ra2 50. Rb3 Rh2 {White must now prevent ...Rh1!} 51. Rbd3 Rh1 {( -> ...Rf1+)} 52. Rb3 {[#]} (52. Bf2 $19 Rh2 53. Bg1) 52... Rf1+ {Accuracy: White = 54%, Black = 80%.} 0-1

[Event "SVK Amateur-ch 2020"]
[Site "Topolcany"]
[Date "2020.07.10"]
[Round "1.5"]
[White "Takacs, Laszlo"]
[Black "Dzwierzynski, Bartosz"]
[Result "1-0"]
[WhiteElo "2185"]
[BlackElo "1869"]
[Annotator "TA"]
[PlyCount "71"]
[EventDate "2020.07.10"]
[EventType "swiss"]
[EventCountry "SVK"]
[SourceTitle "playchess.com"]
[Source "ChessBase"]
[SourceQuality "1"]

{[%evp 23,71,22,29,-175,-25,-23,-27,-43,-27,-35,0,-8,-8,-6,-7,-6,0,0,0,0,0,0,252,239,242,204,265,222,259,227,243,158,165,167,153,139,154,157,190,179,275,253,313,297,655,611,904,824,711,677]} 1. e4 c5 2. Nf3 d6 3. d4 cxd4 4. Nxd4 Nf6 5. Nc3 g6 6. Be3 Bg7 7. f3 O-O 8. Bc4 Nc6 9. Qd2 Bd7 10. Bb3 Rc8 11. O-O-O Nxd4 {is more profitable than 11...Ne5 at the moment.} 12. Bxd4 b5 $1 13. a4 $2 {[#] B78: Sicilian Dragon: Yugoslav Attack, 9 Bc4 Bd7 10 0-0-0 Rc8.} (13. a3 $11) 13... b4 $146 (13... bxa4 $19 14. Nxa4 Bxa4 15. Bxa4 Rc4) ({Predecessor:} 13... bxa4 14. Bxa4 Be6 15. Kb1 Qa5 16. b3 Rb8 17. g4 Rfc8 18. Nd5 Qxa4 19. Nxe7+ Kh8 20. Nxc8 Bxb3 21. cxb3 Qxb3+ {1-0 (62) Zayas Hernandez,A (1698)-Donjuan Perez,V (1272) Merida 2019}) 14. Nd5 $11 Nxd5 15. Bxg7 {Black has an edge.} Kxg7 16. Qxd5 Kg8 17. Kb1 Rc5 18. Qb7 $1 a5 19. Rhe1 Be6 20. e5 {Hoping for Bxe6.} Bxb3 21. cxb3 d5 22. e6 f6 $2 {[%mdl 8192]} (22... Qd6 $11 {and Black stays safe.}) 23. Rc1 $1 $18 {[%cal Rc1c5]} Rxc1+ 24. Rxc1 {[%mdl 4096] Endgame KQR-KQR} Re8 25. Qd7 Kf8 26. Rc7 d4 27. Qxd8 Rxd8 {KR-KR} 28. Rd7 Ra8 29. Rxd4 Ra6 {[#]} 30. Rd5 $1 f5 {[#]} 31. g4 $1 Rxe6 (31... fxg4 {was called for.} 32. fxg4 h6) 32. Rxa5 ({Don't do} 32. gxf5 $6 Ra6 $18) 32... Re3 33. gxf5 g5 $2 (33... Rxf3 34. fxg6 hxg6) 34. Rb5 {White is clearly winning.} Rxf3 35. a5 {aiming for a6.} Rd3 36. Rxb4 {Accuracy: White = 78%, Black = 36%.} 1-0

[Event "SVK Amateur-ch 2020"]
[Site "Topolcany"]
[Date "2020.07.10"]
[Round "1.5"]
[White "Kostic, Ivan"]
[Black "Tropp, Oliver"]
[Result "0-1"]
[WhiteElo "1694"]
[BlackElo "2077"]
[Annotator "ChessBase"]
[PlyCount "82"]
[EventDate "2020.07.10"]
[EventType "swiss"]
[EventCountry "SVK"]
[SourceTitle "playchess.com"]
[Source "ChessBase"]
[SourceQuality "1"]
[TimeControl "3600+30"]

1. d4 {[%emt 0:00:00]} e6 {[%emt 0:00:00]} 2. c4 {[%emt 0:00:22]} d5 {[%emt 0:00:00]} 3. e3 {[%emt 0:01:04]} Nf6 {[%emt 0:00:02]} 4. a3 {[%emt 0:00:35]} a5 {[%emt 0:00:28]} 5. b3 {[%emt 0:03:00]} c5 {[%emt 0:00:19]} 6. cxd5 {[%emt 0:02:17]} exd5 {[%emt 0:00:20]} 7. dxc5 {[%emt 0:01:04]} Bxc5 {[%emt 0:00:25]} 8. Bb2 {[%emt 0:00:15]} O-O {[%emt 0:00:28]} 9. Nf3 {[%emt 0:00:29]} Nc6 {[%emt 0:00:23]} 10. Be2 {[%emt 0:00:35]} Re8 {[%emt 0:01:46]} 11. O-O {[%emt 0:01:14]} Ne4 {[%emt 0:05:13]} 12. Nc3 {[%emt 0:01:48]} Nxc3 {[%emt 0:06:29]} 13. Bxc3 {[%emt 0:00:37]} Qe7 {[%emt 0:02:57]} 14. Bb2 {[%emt 0:04:34]} Be6 {[%emt 0:04:07]} 15. Bb5 {[%emt 0:02:52]} Rec8 {[%emt 0:03:33]} 16. Re1 {[%emt 0:04:48]} Na7 {[%emt 0:07:26]} 17. Bf1 {[%emt 0:01:19]} Nc6 {[%emt 0:00:43]} 18. Re2 {[%emt 0:04:43]} Ra6 {[%emt 0:09:03]} 19. Rd2 {[%emt 0:01:03]} Rb6 {[%emt 0:00:04]} 20. Nd4 {[%emt 0:02:10]} Nxd4 {[%emt 0:02:48]} 21. Bxd4 {[%emt 0:04:16]} Bxd4 {[%emt 0:00:27]} 22. Rxd4 {[%emt 0:05:52]} g6 {[%emt 0:00:05]} 23. Qd2 {[%emt 0:03:15]} Rxb3 {[%emt 0:05:20]} 24. Qxa5 {[%emt 0:00:39]} Rc2 {[%emt 0:00:14]} 25. Rb4 {[%emt 0:02:53]} Rxb4 {[%emt 0:01:27]} 26. Qxb4 {[%emt 0:01:14]} Qf6 {[%emt 0:00:21]} 27. Qe1 {[%emt 0:00:49]} Rxf2 {[%emt 0:00:22]} 28. Rb1 {[%emt 0:03:28]} Rb2 {[%emt 0:00:27]} 29. Rxb2 {[%emt 0:00:38]} Qxb2 {[%emt 0:00:06]} 30. Qb4 {[%emt 0:01:25]} Qxb4 {[%emt 0:02:27]} 31. axb4 {[%emt 0:00:12]} Kg7 {[%emt 0:00:06]} 32. b5 {[%emt 0:00:23]} b6 {[%emt 0:00:05]} 33. Kf2 {[%emt 0:00:18]} Kf6 {[%emt 0:00:04]} 34. Ke2 {[%emt 0:00:29]} Ke5 {[%emt 0:00:05]} 35. Kd3 {[%emt 0:00:29]} Bd7 {[%emt 0:01:46]} 36. Kd2 {[%emt 0:00:26]} Kd6 {[%emt 0:00:14]} 37. g3 {[%emt 0:00:34]} Kc5 {[%emt 0:00:09]} 38. Kc3 {[%emt 0:02:25]} f6 {[%emt 0:00:25]} 39. Bd3 {[%emt 0:00:24]} Bxb5 {[%emt 0:00:06]} 40. Bxb5 {[%emt 0:00:17]} Kxb5 {[%emt 0:00:08]} 41. Kd4 {[%emt 0:00:02]} Kc6 {[%emt 0:00:07]} 0-1